| 000 | 00506pam a2200205 a 4500 | ||
|---|---|---|---|
| 001 | 3384055 | ||
| 003 | OSt | ||
| 005 | 20160310172114.0 | ||
| 008 | 880919r1988 nyu 000 1 eng | ||
| 010 | _a 88030566 | ||
| 020 | _a0312025785 : | ||
| 040 | _aSEKU | ||
| 050 | 0 | 0 |
_aPR 6052 _b.B4 |
| 082 | 0 | 0 |
_a823/.914 _219 |
| 100 | 1 | _aBell, Anthea. | |
| 245 | 1 | 4 |
_aThe floral companion / _cAnthea Bell. |
| 260 |
_aNew York : _bSt. Martin's Press, _c1988. |
||
| 300 |
_a303 p. ; _c22 cm. |
||
| 942 |
_2lcc _cGEN |
||
| 999 |
_c12005 _d12005 |
||